[Event "Open de la Loire 2010-2011"]
[Site "Loire"]
[Date "2011.01.22"]
[Round "6.7"]
[White "Barrandon, Georges"]
[Black "Desassis, Jean-Francois"]
[Result "0-1"]
[WhiteElo "1420"]
[BlackElo "1500"]
[PlyCount "86"]
[EventDate "2011.??.??"]

1. e4 c5 2. Nf3 d6 3. Nc3 Nc6 4. Bc4 Nf6 5. h3 g6 6. Ng5 e6 7. d3 Bg7 8. O-O
O-O 9. Nf3 a6 10. a3 b5 11. Ba2 Bb7 12. Qe1 Nd7 13. Bf4 Nde5 14. Nxe5 Nxe5 15.
Be3 Qe7 16. Qe2 Kh8 17. b4 Nc6 18. Bd2 cxb4 19. axb4 Nxb4 20. Bb3 Nc6 21. Rab1
Nd4 22. Qe3 Rac8 23. Rbc1 Qh4 24. f4 Nxb3 25. cxb3 Qd8 26. Ne2 Qd7 27. Be1 Bb2
28. Rxc8 Qxc8 29. Bb4 Qd7 30. e5 Qc6 31. Rf2 Rc8 32. exd6 a5 33. Bxa5 Qxd6 34.
Ng3 Bd4 35. Qd2 Bxf2+ 36. Kxf2 Qc5+ 37. d4 Qc2 38. Ke3 Qxd2+ 39. Bxd2 Bxg2 40.
Ne4 Bxe4 41. Kxe4 Kg7 42. Kd3 Kf6 43. Bc3 Kf5 0-1

[Event "Open de la Loire 2010-2011"]
[Site "Loire"]
[Date "2011.01.22"]
[Round "6.8"]
[White "Boeuf, Jeremy"]
[Black "Piper, Stephane"]
[Result "0-1"]
[WhiteElo "1300"]
[BlackElo "1430"]
[PlyCount "93"]
[EventDate "2011.??.??"]

1. e4 c5 2. f4 Nc6 3. Bb5 a6 4. Bxc6 dxc6 5. Nf3 Nf6 6. Nc3 g6 7. d3 Bg7 8. Be3
b6 9. Qe2 O-O 10. O-O-O Ng4 11. Bd2 Nf6 12. f5 gxf5 13. exf5 Bxf5 14. h3 Nd5
15. g4 Be6 16. Rdg1 Nxc3 17. Bxc3 Bxc3 18. bxc3 Bd5 19. c4 Bxf3 20. Qxf3 Qd4
21. h4 Qf6 22. Qxf6 exf6 23. g5 fxg5 24. hxg5 Kh8 25. Rg4 Rg8 26. Rgh4 Rg7 27.
Rh6 Rag8 28. c3 Re8 29. d4 Re3 30. Kd2 Rg3 31. R6h5 R3xg5 32. Rxg5 Rxg5 33. a4
cxd4 34. cxd4 f5 35. Rh6 Rg6 36. Rh4 Rg4 37. Rh6 Rxd4+ 38. Kc3 Rg4 39. Rxc6 Rg6
40. Rc8+ Kg7 41. Rd8 f4 42. Rd1 f3 43. Rf1 Rf6 44. Kb4 f2 45. a5 bxa5+ 46. Kxa5
h5 47. c5 0-1

[Event "Open de la Loire 2010-2011"]
[Site "Loire"]
[Date "2011.01.22"]
[Round "6.9"]
[White "Allabrune, Guillaume"]
[Black "Rasle, Jean-Michel"]
[Result "0-1"]
[WhiteElo "1380"]
[BlackElo "1650"]
[PlyCount "80"]
[EventDate "2011.??.??"]

1. Nf3 Nf6 2. Nc3 d5 3. d4 g6 4. Bf4 Bg7 5. e3 O-O 6. Bd3 c5 7. dxc5 Qa5 8. O-O
Qxc5 9. Nb5 Na6 10. Nfd4 Bd7 11. Nc3 Nb4 12. a3 Nc6 13. b4 Qxc3 14. Nb5 Qb2 15.
Rb1 Qa2 16. Ra1 Qxa1 17. Qxa1 a6 18. Nd4 Nh5 19. Bg5 e5 20. Nxc6 bxc6 21. e4
Nf4 22. Bxf4 exf4 23. Qc1 g5 24. exd5 cxd5 25. h4 h6 26. Re1 Bf6 27. c4 dxc4
28. Qxc4 Bb5 29. Qb3 Bc6 30. Be4 Bxe4 31. Rxe4 Rfc8 32. Rc4 Re8 33. Kf1 Kg7 34.
Qd3 Rad8 35. Qc2 Kg8 36. Rc6 Bg7 37. Rxa6 Rd5 38. a4 Rde5 39. f3 Re1+ 40. Kf2
Bd4# 0-1

[Event "Open de la Loire 2010-2011"]
[Site "Loire"]
[Date "2011.01.22"]
[Round "6.10"]
[White "Liogier, Pascal"]
[Black "Benakila, Samir"]
[Result "1-0"]
[WhiteElo "1440"]
[BlackElo "1520"]
[PlyCount "97"]
[EventDate "2011.??.??"]

1. Nf3 d5 2. c4 c6 3. g3 Bg4 4. Qb3 Bxf3 5. Qxf3 Nf6 6. cxd5 cxd5 7. d4 e6 8.
Bg2 Bb4+ 9. Nc3 Nc6 10. e3 Ne4 11. a3 Bxc3+ 12. bxc3 Qa5 13. O-O Qxc3 14. Ra2
O-O 15. Qe2 Rac8 16. Bxe4 dxe4 17. Rc2 Qa5 18. Bb2 Qg5 19. f4 exf3 20. Rxf3 f5
21. Qd3 Rcd8 22. Qc4 Rd5 23. Rf4 Qh5 24. Rcf2 Rd6 25. e4 Qg6 26. exf5 Qe8 27.
fxe6 Rxf4 28. e7+ Kh8 29. Rxf4 Qxe7 30. Qf7 Qxf7 31. Rxf7 h6 32. Rxb7 Nxd4 33.
Bxd4 Rxd4 34. Rxa7 Rd1+ 35. Kg2 Kh7 36. h4 Kg6 37. Ra5 Kf6 38. h5 Ke6 39. g4
Kd6 40. Rf5 Ke6 41. Kg3 Rd3+ 42. Rf3 Rd5 43. Kh4 Rg5 44. a4 Kd7 45. Rf5 Rxf5
46. gxf5 Kd6 47. Kg4 Kc5 48. f6 gxf6 49. Kf5 1-0

[Event "Open de la Loire 2010-2011"]
[Site "Loire"]
[Date "2011.01.22"]
[Round "6.11"]
[White "Boeuf, Jean-Julien"]
[Black "Mialon, Franck"]
[Result "1-0"]
[WhiteElo "1510"]
[BlackElo "1350"]
[PlyCount "65"]
[EventDate "2011.??.??"]

1. e4 e5 2. Nf3 Nc6 3. Bc4 Nf6 4. d3 Bc5 5. c3 O-O 6. O-O d6 7. h3 h6 8. Re1
Bd7 9. Nbd2 Qc8 10. Nf1 Bxh3 11. gxh3 Qxh3 12. Be3 Ng4 13. N3h2 Nxe3 14. Nxe3
Kh8 15. Qf3 Qd7 16. Nf5 Ne7 17. a4 a6 18. b4 Ba7 19. Qg4 Rg8 20. Bxf7 g6 21.
Nxh6 Qxg4+ 22. N2xg4 Rgf8 23. Kg2 Kg7 24. Rh1 Rxf7 25. Nxf7 Kxf7 26. Rh7+ Ke6
27. Rah1 g5 28. R1h6+ Kd7 29. Nf6+ Kc6 30. Rxe7 Rf8 31. f3 Be3 32. Nd5 Bc1 33.
Rxc7# 1-0

[Event "Open de la Loire 2010-2011"]
[Site "Loire"]
[Date "2011.01.22"]
[Round "6.12"]
[White "Trottet, Francois"]
[Black "Marie, Michel"]
[Result "1-0"]
[WhiteElo "1510"]
[BlackElo "1120"]
[PlyCount "153"]
[EventDate "2011.??.??"]

1. e4 e5 2. Nf3 Nc6 3. Bc4 Nd4 4. Nxd4 exd4 5. c3 c6 6. Be2 Nf6 7. Qc2 d5 8. e5
Ne4 9. cxd4 f6 10. Nc3 Bf5 11. Bd3 Nxc3 12. Bxf5 Nb5 13. Bxh7 Nxd4 14. Qg6+ Kd7
15. Qg4+ Ne6 16. Bf5 Qe7 17. Bxe6+ Qxe6 18. Qxe6+ Kxe6 19. exf6 gxf6 20. O-O
Kd6 21. d4 f5 22. Bf4+ Kd7 23. Rae1 Bb4 24. Re2 c5 25. a3 Ba5 26. dxc5 Rac8 27.
b4 Bd8 28. Re5 Rf8 29. Rxd5+ Kc6 30. Rd6+ Kb5 31. Ra1 Bc7 32. a4+ Kc4 33. Rc1+
Kxb4 34. Bd2+ Kxa4 35. Rd4+ Kb5 36. c6 Be5 37. Rb4+ Ka6 38. Rc2 b5 39. Be3 Ka5
40. Rb3 Ka4 41. Rd3 Rcd8 42. Ra2+ Kb4 43. Bd2+ Kc4 44. Re3 Rfe8 45. Rc2+ Kd5
46. f3 Bf4 47. Rd3+ Ke6 48. Rxd8 Rxd8 49. Bxf4 Rd1+ 50. Kf2 Rd8 51. Re2+ Kf7
52. c7 Rc8 53. g4 Kf6 54. g5+ Kg6 55. Re6+ Kf7 56. Rf6+ Kg7 57. h4 b4 58. h5 b3
59. h6+ Kh7 60. Rf7+ Kg6 61. Rg7+ Kh5 62. Be5 b2 63. Bxb2 a5 64. Bc1 a4 65. Rd7
Kg6 66. h7 Rh8 67. Rd8 Rxh7 68. Rg8+ Kf7 69. c8=Q Rh2+ 70. Kg3 Rh1 71. g6+ Kf6
72. Qf8+ Ke5 73. f4+ Ke4 74. Qb4+ Kd3 75. Rd8+ Ke2 76. Qd2+ Kf1 77. Qf2# 1-0

[Event "Open de la Loire 2010-2011"]
[Site "Loire"]
[Date "2011.01.22"]
[Round "6.13"]
[White "Volay, Pascal"]
[Black "Megnot, Philippe"]
[Result "1/2-1/2"]
[WhiteElo "1480"]
[BlackElo "1420"]
[PlyCount "136"]
[EventDate "2011.??.??"]

1. e4 d5 2. exd5 Qxd5 3. Nc3 Qa5 4. d4 c6 5. Nf3 Nf6 6. Bd2 Qd8 7. Be3 Bg4 8.
Be2 e6 9. h3 Bh5 10. Nh2 Bg6 11. Bd3 Bxd3 12. Qxd3 Bd6 13. Nf3 Nbd7 14. O-O O-O
15. Qd2 Bb4 16. a3 Ne4 17. Qd3 Nxc3 18. bxc3 Be7 19. Rab1 Nb6 20. c4 Qc7 21. c5
Nd5 22. Rb3 Nxe3 23. Qxe3 Rfd8 24. Rfb1 Rab8 25. c3 Bf6 26. Qe2 h6 27. Qb2 Rd7
28. Qe2 Re7 29. Re1 Qa5 30. Reb1 Qd8 31. Ne5 Bxe5 32. Qxe5 Qc7 33. Qxc7 Rxc7
34. f3 Kf8 35. Kf2 Ke7 36. a4 Kf6 37. a5 a6 38. Rb6 Ke7 39. Rxa6 bxa6 40. Rxb8
Ra7 41. Rb6 Kd7 42. Ke3 g6 43. Ke4 f6 44. c4 Ra8 45. d5 exd5+ 46. cxd5 Kc7 47.
d6+ Kd7 48. Rb7+ Ke8 49. Rc7 Rb8 50. Rxc6 Rb5 51. Rc8+ Kd7 52. Rc7+ Kd8 53. Rg7
Rxc5 54. Rxg6 Rxa5 55. Rxf6 Kd7 56. Kd4 Rb5 57. Kc4 Rb6 58. Kc5 Rb2 59. Rf7+
Kc8 60. Ra7 Rxg2 61. Rxa6 Rf2 62. Kc6 Rc2+ 63. Kd5 Rc3 64. Ke6 Re3+ 65. Kd5
Rxf3 66. Ra8+ Kd7 67. Ra7+ Kd8 68. Ra8+ Kd7 1/2-1/2

8. Ra8+ Kd7 1/2-1/2

[Event "Open de la Loire 2010-2011"]
[Site "Loire"]
[Date "2011.01.22"]
[Round "6.14"]
[White "Choquelle, Jean"]
[Black "Peyssonneaux, Norbert"]
[Result "0-1"]
[WhiteElo "1130"]
[BlackElo "1499"]
[PlyCount "46"]
[EventDate "2011.??.??"]

1. d4 e6 2. Nf3 d5 3. Nc3 f5 4. Ne5 Nf6 5. e3 c6 6. Be2 Bd6 7. f4 O-O 8. O-O
Ne4 9. Bh5 Nxc3 10. bxc3 Nd7 11. Bg6 h6 12. Qh5 Qe7 13. Bd2 Nf6 14. Qh3 Ne4 15.
Be1 Bxe5 16. Bh4 Bf6 17. g3 Nxc3 18. Rae1 Ne4 19. Re2 b6 20. Rg2 Ba6 21. Rf3
Qa3 22. g4 Qc1+ 23. Rf1 Qxf1# 0-1

[Event "Open de la Loire 2010-2011"]
[Site "Loire"]
[Date "2011.01.22"]
[Round "6.15"]
[White "Rasle, Corentin"]
[Black "Crespy, Killian"]
[Result "1-0"]
[WhiteElo "1420"]
[BlackElo "1040"]
[PlyCount "31"]
[EventDate "2011.??.??"]

1. d4 d5 2. c4 e6 3. Nc3 c6 4. Nf3 Bd6 5. e4 Nf6 6. e5 Bxe5 7. Nxe5 O-O 8. Bg5
Qd6 9. c5 Qc7 10. Bd3 Rd8 11. Qf3 Qa5 12. Bxf6 g6 13. Bxd8 Qxd8 14. Qxf7+ Kh8
15. O-O Qf8 16. Qxf8# 1-0

[Event "Open de la Loire 2010-2011"]
[Site "Loire"]
[Date "2011.01.22"]
[Round "6.16"]
[White "Victoria, Philippe"]
[Black "Crespy, Djamila"]
[Result "1-0"]
[WhiteElo "1150"]
[BlackElo "1299"]
[PlyCount "67"]
[EventDate "2011.??.??"]

1. d4 d5 2. c4 dxc4 3. e4 Nf6 4. Nc3 g6 5. Bxc4 Nc6 6. Nf3 Bg7 7. Bf4 O-O 8.
Ng5 h6 9. d5 hxg5 10. dxc6 gxf4 11. cxb7 Bxb7 12. O-O Nxe4 13. Nxe4 Bxe4 14.
Qg4 Bf5 15. Qxf4 Bxb2 16. Rad1 Qc8 17. Qh4 Qb7 18. Qxe7 Be4 19. f3 Bc2 20. Bd5
Qc8 21. Rd2 Qd8 22. Qc5 Bd4+ 23. Qxd4 Bf5 24. Bxa8 Qxa8 25. g4 Be6 26. h4 a5
27. h5 gxh5 28. Rh2 Rd8 29. Qe5 Kf8 30. Rxh5 Qa7+ 31. Kg2 Rd2+ 32. Kg3 Rxa2 33.
Qf6 Bc4 34. Rh8# 1-0

[Event "Open de la Loire 2010-2011"]
[Site "Loire"]
[Date "2011.02.12"]
[Round "7.1"]
[White "Walter, Alain"]
[Black "Moleins, Jean-Pierre"]
[Result "1-0"]
[WhiteElo "1770"]
[BlackElo "1600"]
[PlyCount "115"]
[EventDate "2011.??.??"]

1. d4 d5 2. c4 e6 3. Nc3 Bb4 4. e3 Nf6 5. Bd2 O-O 6. Nf3 b6 7. a3 Bxc3 8. Bxc3
a5 9. c5 Bd7 10. cxb6 cxb6 11. Bd3 h6 12. O-O Nc6 13. Rc1 Re8 14. Ne5 Nxe5 15.
dxe5 Ne4 16. Bd4 Rc8 17. Rxc8 Bxc8 18. Qc2 f5 19. exf6 Nxf6 20. Qb3 Nd7 21. Rc1
Bb7 22. Bb5 Re7 23. Bxd7 Rxd7 24. Bxb6 Qa8 25. Qb5 Rf7 26. Qxa5 Qf8 27. Qe1 e5
28. Rc7 Qd6 29. Rxf7 Kxf7 30. Qa5 Qc6 31. Qc5 Qg6 32. h3 Kg8 33. Qc7 Ba6 34. b4
Qb1+ 35. Kh2 Qb2 36. Qd8+ Kh7 37. Qxd5 Qxf2 38. Qf3 Qc2 39. e4 Bd3 40. Qf5+ Kh8
41. Qf8+ Kh7 42. Qc5 Qe2 43. Qxe5 Bxe4 44. Qg3 Qb2 45. Bc5 Bg6 46. a4 Qa2 47.
a5 Qa4 48. h4 Qc6 49. Bd4 Qb5 50. Qe5 Qb7 51. b5 Be4 52. Qg3 Qd7 53. Qe5 Qg4
54. Qg3 Qd7 55. Bc3 Bg6 56. b6 Qc6 57. Qe5 Qb7 58. a6 1-0

[Event "Open de la Loire 2010-2011"]
[Site "Loire"]
[Date "2011.02.12"]
[Round "7.2"]
[White "Buisine, Roman"]
[Black "Doran, Niall"]
[Result "1-0"]
[WhiteElo "1667"]
[BlackElo "1547"]
[PlyCount "67"]
[EventDate "2011.??.??"]

1. e4 e6 2. d4 d5 3. e5 c5 4. dxc5 Bxc5 5. Nf3 Ne7 6. Bd3 Nbc6 7. O-O Ng6 8.
Re1 Bd7 9. Nc3 Nb4 10. Bxg6 hxg6 11. a3 Nc6 12. b4 Be7 13. Be3 a6 14. Qd3 Qc7
15. Bf4 Rc8 16. Ne2 Na7 17. Ned4 Nb5 18. Qb3 Nc3 19. Re3 Ne4 20. Ne1 Rh4 21. g3
Rh8 22. f3 Nd2 23. Qa2 g5 24. Rd3 gxf4 25. Rxd2 fxg3 26. f4 gxh2+ 27. Rxh2 Rxh2
28. Kxh2 Qc3 29. Rd1 Qe3 30. Ng2 Qf2 31. Qb3 Bh4 32. Qd3 Rc4 33. Rd2 Rxd4 34.
Qxd4 1-0

[Event "Open de la Loire 2010-2011"]
[Site "Loire"]
[Date "2011.02.12"]
[Round "7.3"]
[White "Mazet, Christian"]
[Black "Longueville, Thomas"]
[Result "0-1"]
[WhiteElo "1460"]
[BlackElo "1794"]
[PlyCount "56"]
[EventDate "2011.??.??"]

1. d4 Nf6 2. c4 g6 3. Nc3 Bg7 4. e4 d6 5. Bg5 O-O 6. Nf3 e5 7. d5 a5 8. Qd2 Na6
9. Bd3 Nc5 10. Bc2 Qe8 11. h3 Nfd7 12. g4 Nb6 13. b3 f5 14. gxf5 gxf5 15. exf5
e4 16. Nd4 Nd3+ 17. Bxd3 exd3+ 18. Ne6 Rxf5 19. O-O-O Bxe6 20. Rde1 Bxc3 21.
Qxc3 Rxg5 22. Rxe6 Qf7 23. Rf6 Qg7 24. Re1 Nd7 25. h4 Rg2 26. Ree6 Nxf6 27.
Qxf6 Qxf6 28. Rxf6 Rf8 0-1

[Event "Open de la Loire 2010-2011"]
[Site "Loire"]
[Date "2011.02.12"]
[Round "7.4"]
[White "Febvret, Olivier"]
[Black "Carteron, Olivier"]
[Result "0-1"]
[WhiteElo "1450"]
[BlackElo "1610"]
[PlyCount "84"]
[EventDate "2011.??.??"]

1. c4 Nf6 2. Nc3 c6 3. g3 d5 4. cxd5 cxd5 5. d4 e6 6. Bg2 Nc6 7. Nf3 Bd6 8. O-O
a6 9. a3 O-O 10. Re1 Bd7 11. e4 dxe4 12. Nxe4 Nxe4 13. Rxe4 Ne7 14. Ne5 Bxe5
15. dxe5 Bc6 16. Rd4 Qc7 17. f4 Rfd8 18. Rxd8+ Rxd8 19. Qc2 Qb6+ 20. Qf2 Rd1+
21. Bf1 Qd8 22. Qe2 Qd5 23. Kf2 Bb5 24. Bg2 Qxg2+ 25. Kxg2 Bxe2 26. Kf2 Bc4 27.
h4 Bb3 28. a4 Bxa4 29. Rxa4 Rxc1 30. Rb4 Rc7 31. Kf3 Nd5 32. Rb3 f5 33. exf6
gxf6 34. Ke4 Rc4+ 35. Kd3 b5 36. Ra3 Ra4 37. Rxa4 bxa4 38. Kc4 Kf7 39. Kd4 Ke7
40. Ke4 Kd6 41. Kd4 e5+ 42. fxe5+ fxe5+ 0-1

[Event "Open de la Loire 2010-2011"]
[Site "Loire"]
[Date "2011.02.12"]
[Round "7.5"]
[White "Desassis, Jean-Francois"]
[Black "Joly, Christian"]
[Result "0-1"]
[WhiteElo "1500"]
[BlackElo "1600"]
[PlyCount "70"]
[EventDate "2011.??.??"]

1. d4 Nf6 2. Nf3 g6 3. Bg5 Bg7 4. e3 d6 5. Bd3 Nbd7 6. Nbd2 O-O 7. O-O c6 8.
Rb1 a5 9. a4 Qc7 10. Re1 e5 11. dxe5 dxe5 12. e4 Nc5 13. Bxf6 Bxf6 14. h3 Nxa4
15. Nh2 Bh4 16. Ndf3 Bf6 17. Qc1 Qe7 18. Re3 Nc5 19. Qe1 b5 20. b4 Nxd3 21.
Rxd3 a4 22. Rbd1 Be6 23. Rd6 Rac8 24. Qc3 Rfd8 25. Qc5 Rxd6 26. Rxd6 a3 27.
Nxe5 a2 28. Qd4 Qxd6 29. Qxd6 a1=Q+ 30. Nf1 Qxe5 31. Qd3 Rd8 32. Qe3 Bc4 33.
Nd2 Qa1+ 34. Kh2 Be6 35. f4 Qd4 0-1

[Event "Open de la Loire 2010-2011"]
[Site "Loire"]
[Date "2011.02.12"]
[Round "7.6"]
[White "Rasle, Jean-Michel"]
[Black "Trottet, Francois"]
[Result "1-0"]
[WhiteElo "1650"]
[BlackElo "1510"]
[PlyCount "95"]
[EventDate "2011.??.??"]

1. d4 Nf6 2. c4 e6 3. Nc3 d5 4. Bg5 c6 5. Nf3 Be7 6. Qc2 dxc4 7. a4 Nbd7 8. e3
h6 9. Bh4 O-O 10. Bxc4 Nb6 11. Be2 Nbd5 12. e4 Nb4 13. Qd2 a5 14. O-O b6 15.
Rfd1 Ra7 16. h3 Bb7 17. Bxf6 Bxf6 18. e5 Be7 19. Ne1 Ra8 20. f4 Nd5 21. Nf3 Bb4
22. Bd3 Rc8 23. Nh2 c5 24. dxc5 Bxc5+ 25. Kh1 Be3 26. Qe2 Bxf4 27. Qe4 f5 28.
Qf3 Bxe5 29. Nxd5 Bxd5 30. Qe2 Bxh2 31. Kxh2 Qc7+ 32. Kh1 Qb7 33. Ba6 Qa8 34.
Bxc8 Rxc8 35. Ra3 f4 36. Rad3 g5 37. Qg4 Rc2 38. Rxd5 exd5 39. Qe6+ Kg7 40.
Qe7+ Kg8 41. Qe6+ Kg7 42. Qf5 Rc5 43. Re1 Qf8 44. Qd7+ Kg6 45. Re6+ Kh5 46.
Rxb6 Rc1+ 47. Kh2 f3 48. Qg4# 1-0

[Event "Open de la Loire 2010-2011"]
[Site "Loire"]
[Date "2011.02.12"]
[Round "7.7"]
[White "Martin, Julien"]
[Black "D'Elia, Stephane"]
[Result "0-1"]
[WhiteElo "1530"]
[BlackElo "1420"]
[PlyCount "42"]
[EventDate "2011.??.??"]

1. e4 e5 2. Nf3 Nc6 3. Bb5 Nd4 4. Nxd4 exd4 5. O-O g6 6. d3 Bg7 7. c3 c6 8. Ba4
Ne7 9. Qg4 d5 10. cxd4 Bxg4 11. exd5 Nxd5 12. Nd2 O-O 13. Ne4 Bxd4 14. Rb1 Be2
15. Re1 Bxd3 16. Ra1 Bxe4 17. Rxe4 Qb6 18. Re2 Rfe8 19. Rxe8+ Rxe8 20. Bh6
Bxf2+ 21. Kh1 Re1+ 0-1

[Event "Open de la Loire 2010-2011"]
[Site "Loire"]
[Date "2011.02.12"]
[Round "7.8"]
[White "Ben Habchi, Nordine"]
[Black "Boeuf, Jean-Julien"]
[Result "0-1"]
[WhiteElo "1490"]
[BlackElo "1510"]
[PlyCount "136"]
[EventDate "2011.??.??"]

1. e4 Nf6 2. e5 Nd5 3. d4 d6 4. c4 Nb6 5. Nf3 Bg4 6. Be2 Nc6 7. d5 Bxf3 8. dxc6
Bxg2 9. Rg1 Bxc6 10. e6 fxe6 11. Bh5+ g6 12. c5 dxc5 13. Qxd8+ Rxd8 14. Bg4 Kf7
15. Nc3 Bg7 16. Bf4 e5 17. Be3 c4 18. Bd2 Nd5 19. O-O-O Rd6 20. Ne4 Rdd8 21.
Ng5+ Kg8 22. Be6+ Kf8 23. Bxd5 Bxd5 24. f4 exf4 25. Bxf4 Ke8 26. Bxc7 Rd7 27.
Ba5 h6 28. Nh3 g5 29. Nf2 Rf8 30. Rdf1 Bd4 31. Be1 Rf3 32. Kb1 c3 33. Bxc3 Bxc3
34. bxc3 Rxc3 35. Kb2 Rdc7 36. Rc1 Rxc1 37. Rxc1 Rxc1 38. Kxc1 Bxa2 39. Ng4 h5
40. Ne5 e6 41. Kd2 Bd5 42. h3 Bg2 43. h4 g4 44. Nd3 g3 45. Nf4 Bd5 46. Ne2 g2
47. Kc3 Kf7 48. Kd4 Kf6 49. Ke3 Kf5 50. Kf2 Kg4 51. Kg1 Kxh4 52. Nd4 Kg4 53.
Nb5 a5 54. Nc3 h4 55. Ne2 a4 56. Nd4 a3 57. Nc2 a2 58. Kh2 Kf3 59. Nd4+ Kf2 60.
Ne2 a1=Q 61. Kh3 Qh1+ 62. Kg4 Bf3+ 63. Kf4 Bxe2 64. Ke5 Bc4 65. Kd6 Qh2+ 66.
Ke7 Qe5 67. Kf7 g1=R 68. Kf8 Rg7 0-1

[Event "Open de la Loire 2010-2011"]
[Site "Loire"]
[Date "2011.02.12"]
[Round "7.9"]
[White "Megnot, Philippe"]
[Black "Liogier, Pascal"]
[Result "0-1"]
[WhiteElo "1420"]
[BlackElo "1440"]
[PlyCount "48"]
[EventDate "2011.??.??"]

1. d4 Nf6 2. Nf3 e6 3. Bf4 c5 4. e3 cxd4 5. exd4 Nd5 6. Bg3 Nc6 7. Be2 Qb6 8.
b3 Bb4+ 9. Nbd2 Nc3 10. Qc1 Nxe2 11. Kxe2 Nxd4+ 12. Nxd4 Qxd4 13. Nc4 d5 14.
Ne3 O-O 15. Rd1 Qb6 16. Kf1 Bc3 17. Rb1 Re8 18. Qa3 h5 19. Qa4 Qc6 20. Qh4 Qb5+
21. Kg1 d4 22. Nc4 Qd7 23. Qxh5 Qd5 24. Rd3 Qxh5 0-1

[Event "Open de la Loire 2010-2011"]
[Site "Loire"]
[Date "2011.02.12"]
[Round "7.10"]
[White "Benakila, Samir"]
[Black "Barrandon, Georges"]
[Result "1-0"]
[WhiteElo "1520"]
[BlackElo "1420"]
[PlyCount "117"]
[EventDate "2011.??.??"]

1. e4 e5 2. Nf3 Nc6 3. Bb5 d6 4. O-O Bg4 5. c3 Qf6 6. Bxc6+ bxc6 7. Qa4 Ne7 8.
Ne1 Qe6 9. Nd3 Be2 10. Nb4 Bb5 11. Qa5 Qc8 12. Re1 Qb7 13. Na3 Qb6 14. Qxb6
axb6 15. Nxb5 cxb5 16. d4 c5 17. Nc2 Ng6 18. Be3 Be7 19. dxe5 Nxe5 20. Red1 O-O
21. Bf4 f6 22. Ne3 Rfd8 23. Nd5 Bf8 24. Nxb6 Ra6 25. Nd5 Ra4 26. f3 Ra7 27.
Bxe5 fxe5 28. Rd2 Rb7 29. Rf1 g6 30. f4 Bg7 31. f5 gxf5 32. exf5 Rf8 33. f6 Bh6
34. Rdf2 Kf7 35. Rf5 Ke6 36. Rh5 Kxd5 37. Rxh6 Rbf7 38. g4 Rb8 39. g5 Rg8 40.
h4 Kc4 41. Kf2 d5 42. Ke2 d4 43. cxd4 cxd4 44. Rc1+ Kd5 45. Rg1 e4 46. b3 Ra7
47. Ra1 Rf8 48. a4 bxa4 49. Rxa4 Rxa4 50. bxa4 Rf7 51. g6 hxg6 52. Rxg6 Ke5 53.
h5 Rxf6 54. Rxf6 Kxf6 55. a5 Kg5 56. a6 Kf4 57. a7 d3+ 58. Kd1 e3 59. a8=Q 1-0

[Event "Open de la Loire 2010-2011"]
[Site "Loire"]
[Date "2011.02.12"]
[Round "7.11"]
[White "Peyssonneaux, Norbert"]
[Black "Rasle, Corentin"]
[Result "1-0"]
[WhiteElo "1499"]
[BlackElo "1420"]
[PlyCount "61"]
[EventDate "2011.??.??"]

1. c4 Nf6 2. Nc3 g6 3. Nf3 Bg7 4. g3 d5 5. cxd5 Nxd5 6. Qb3 Nxc3 7. bxc3 O-O 8.
Bg2 Nc6 9. O-O Rb8 10. Re1 Bf5 11. Nh4 Be6 12. Qc2 Qd6 13. d3 Bg4 14. Bb2 Rfe8
15. Rab1 b6 16. a3 Rbd8 17. c4 Bxb2 18. Qxb2 Nd4 19. Nf3 Bxf3 20. exf3 Rd7 21.
h4 Red8 22. h5 g5 23. Re4 h6 24. f4 g4 25. f5 Nxf5 26. Rxg4+ Kh7 27. Be4 Qf6
28. Bxf5+ Kh8 29. Qxf6+ exf6 30. Bxd7 Rxd7 31. Re1 1-0

[Event "Open de la Loire 2010-2011"]
[Site "Loire"]
[Date "2011.02.12"]
[Round "7.12"]
[White "Marie, Michel"]
[Black "Volay, Pascal"]
[Result "0-1"]
[WhiteElo "1120"]
[BlackElo "1480"]
[PlyCount "88"]
[EventDate "2011.??.??"]

1. e4 e5 2. Bc4 Bc5 3. d3 Nf6 4. Bg5 h6 5. Bxf6 Qxf6 6. Qd2 d6 7. Nc3 Bb4 8. a3
Bxc3 9. Qxc3 O-O 10. Qb3 Nd7 11. Qb4 Nb6 12. Ne2 a5 13. Qb5 Bd7 14. Qb3 Nxc4
15. Qxc4 c5 16. a4 Qe6 17. Qd5 Qxd5 18. exd5 Rab8 19. O-O b5 20. b3 bxa4 21.
bxa4 Rb2 22. Rac1 Rfb8 23. Nc3 f6 24. h3 Kf7 25. g4 Ke7 26. Rb1 Rxb1 27. Rxb1
Rxb1+ 28. Nxb1 Bxa4 29. c3 Bc2 30. Na3 Bxd3 31. Kg2 Bc4 32. f3 Bxd5 33. Nb5 Kd7
34. Kg3 Bc6 35. Na3 d5 36. Nc2 a4 37. h4 g5 38. h5 d4 39. cxd4 cxd4 40. Kf2 d3
41. Ne3 a3 42. Nd1 a2 43. Ke3 a1=Q 44. Nf2 Qd4+ 0-1

[Event "Open de la Loire 2010-2011"]
[Site "Loire"]
[Date "2011.02.12"]
[Round "7.13"]
[White "Mialon, Franck"]
[Black "Rogues, Jean-Luc"]
[Result "0-1"]
[WhiteElo "1350"]
[BlackElo "1410"]
[PlyCount "62"]
[EventDate "2011.??.??"]

1. e4 e6 2. d4 d5 3. exd5 exd5 4. Be2 Be6 5. Nf3 Nf6 6. Bg5 Nbd7 7. Ne5 Be7 8.
Nc3 c6 9. Qd3 Qc7 10. Bf4 Bd6 11. h3 Bxe5 12. dxe5 Nxe5 13. Qd4 Nfd7 14. b4 O-O
15. O-O-O f6 16. Bh2 Qb6 17. Bxe5 fxe5 18. Qh4 Qxf2 19. g3 Qf6 20. Qh5 Qe7 21.
Bd3 e4 22. Be2 Qxb4 23. Bg4 Qe7 24. Ne2 Nf6 25. Qe5 Nxg4 26. hxg4 Qf6 27. Qd6
Bxg4 28. Qxf6 Rxf6 29. Rde1 Bxe2 30. Rxe2 Raf8 31. Rh4 Rf2 0-1

[Event "Open de la Loire 2010-2011"]
[Site "Loire"]
[Date "2011.02.12"]
[Round "7.14"]
[White "Brachet, Gerard"]
[Black "Allabrune, Guillaume"]
[Result "0-1"]
[WhiteElo "1410"]
[BlackElo "1380"]
[PlyCount "30"]
[EventDate "2011.??.??"]

1. d4 d5 2. Nf3 Nf6 3. e3 Bg4 4. Nbd2 e6 5. a3 Bd6 6. c4 c5 7. Be2 O-O 8. Rb1
b6 9. b4 Qc7 10. g3 Nbd7 11. h3 Bxg3 12. hxg4 Nxg4 13. Qc2 h6 14. Ne5 Bxf2+ 15.
Kd1 Nxe3# 0-1

[Event "Open de la Loire 2010-2011"]
[Site "Loire"]
[Date "2011.02.12"]
[Round "7.15"]
[White "Daillere, Roland"]
[Black "Choquelle, Jean"]
[Result "1-0"]
[WhiteElo "1240"]
[BlackElo "1130"]
[PlyCount "63"]
[EventDate "2011.??.??"]

1. e4 e5 2. f4 Nc6 3. Bc4 Nf6 4. Nf3 h6 5. Nc3 Bc5 6. fxe5 Ng4 7. d4 Bb6 8. h3
d6 9. hxg4 Bxg4 10. d5 Nxe5 11. Bf4 Nxc4 12. Qd3 Nxb2 13. Qb5+ Kf8 14. Qxb2 Qe7
15. O-O-O Bd7 16. e5 Bf5 17. exd6 cxd6 18. Nb5 Be3+ 19. Bxe3 Qxe3+ 20. Rd2 Qc5
21. Nbd4 Bc8 22. Ng5 Qxd5 23. Nde6+ Bxe6 24. Rxd5 Bxd5 25. Nf3 Re8 26. Re1 f6
27. Rxe8+ Kxe8 28. Qb5+ Ke7 29. Qxd5 Rb8 30. Nd4 Kd7 31. Qf7+ Kc8 32. Ne6 1-0

[Event "Open de la Loire 2010-2011"]
[Site "Loire"]
[Date "2011.02.12"]
[Round "8.1"]
[White "Carteron, Olivier"]
[Black "Walter, Alain"]
[Result "0-1"]
[WhiteElo "1610"]
[BlackElo "1770"]
[PlyCount "72"]
[EventDate "2011.??.??"]

1. e4 e6 2. d4 d5 3. e5 c5 4. c3 Nc6 5. Nf3 f6 6. dxc5 Bxc5 7. b4 Be7 8. Bf4
fxe5 9. Nxe5 Nxe5 10. Bxe5 Nf6 11. Bd3 O-O 12. Qc2 h6 13. O-O Bd7 14. Qe2 Qe8
15. Nd2 Qh5 16. Qxh5 Nxh5 17. f4 Rac8 18. g3 Nf6 19. a3 Ne8 20. Nf3 Nd6 21.
Rfe1 Nc4 22. Bd4 Bf6 23. Bxc4 Rxc4 24. Ne5 Bxe5 25. Bxe5 Kf7 26. Rad1 Rfc8 27.
Rc1 Bb5 28. Bd4 R8c6 29. Ra1 Ra6 30. Re3 Ra4 31. Be5 Rc6 32. Rf3 Be2 33. Rf2
Rc4 34. f5 exf5 35. Rxf5+ Ke6 36. g4 g6 0-1

[Event "Open de la Loire 2010-2011"]
[Site "Loire"]
[Date "2011.02.12"]
[Round "8.2"]
[White "Boeuf, Jean-Julien"]
[Black "Buisine, Roman"]
[Result "1-0"]
[WhiteElo "1510"]
[BlackElo "1667"]
[PlyCount "57"]
[EventDate "2011.??.??"]

1. e4 c5 2. c3 d6 3. d4 cxd4 4. cxd4 Nf6 5. Nc3 g6 6. Bb5+ Bd7 7. Bxd7+ Nbxd7
8. Nf3 Bg7 9. O-O O-O 10. Qb3 Qc7 11. Bf4 e5 12. dxe5 dxe5 13. Bg5 Nc5 14. Qc4
Rac8 15. Bxf6 Bxf6 16. Nd5 Qd6 17. Qb4 Rfd8 18. Rad1 Bg7 19. h3 f5 20. Nc3 Qc6
21. Rxd8+ Rxd8 22. Qc4+ Kh8 23. Ng5 Rf8 24. Nf7+ Rxf7 25. Qxf7 fxe4 26. Rd1 Nd3
27. Nxe4 Qxe4 28. Qe8+ Bf8 29. Qxf8# 1-0